|
|
|
|
| LEADER |
00000nab#a22000007a#4500 |
| 001 |
arbauad038886 |
| 003 |
AR-BaUAD |
| 005 |
20250711113034.0 |
| 008 |
990810|||||||||###||||||b###|0###a|spa|| |
| 040 |
|
|
|a AR-BaUAD
|c AR-BaUAD
|b spa
|
| 245 |
1 |
0 |
|a Textiles Now
|b innovation & developments
|
| 300 |
0 |
|
|b fto. col.
|
| 500 |
|
|
|a Traducción al español p. 79.
|
| 653 |
|
|
|a ITALIA
|
| 653 |
|
|
|a TEJIDOS DE PUNTO
|
| 653 |
|
|
|a DESARROLLO
|
| 653 |
|
|
|a PRODUCTOS
|
| 653 |
|
|
|a INDUMENTARIA DEPORTIVA
|
| 653 |
|
|
|a TRAJES DE BAÑO
|
| 653 |
|
|
|a FIBRAS ANTIMICROBIANAS
|
| 653 |
|
|
|a ROPA INTERIOR
|
| 653 |
|
|
|a LENCERIA
|
| 653 |
|
|
|a FIBRAS SINTETICAS
|
| 653 |
|
|
|a REINO UNIDO
|
| 653 |
|
|
|a IRLANDA
|
| 653 |
|
|
|a FIBRAS NATURALES
|
| 653 |
|
|
|a LINO
|
| 773 |
0 |
|
|t INTERNATIONAL TEXTILES
|g no. 802 [abr. 1999], p. 24-26
|
| 942 |
|
|
|c ARTI
|
| 952 |
|
|
|0 0
|1 0
|4 0
|7 0
|9 83805
|a AR-BAuAD
|b AR-BAuAD
|d 2025-07-11
|l 0
|p AAQA038886
|r 2025-07-11 11:30:34
|w 2025-07-11
|y ARTI
|
| 990 |
|
|
|a DT199
|b TD
|
| 998 |
|
|
|a AAQ
|b BIBUN76
|
| 999 |
|
|
|c 63478
|d 63478
|